000 00328 a2200157 4500
001 64245
020 _a9788572323437
040 _cAnchieta - Pituba
100 _aCamões, Luís de
240 1 0 _aOs Lusíadas
_lpor
245 1 0 _aOs Lusíadas
300 _a288
362 0 _a2005
650 4 _aPoesia portuguesa
942 _cBK
999 _c64245
_d64245